| 000 | 00000nam 2200000zi 4500 |
| 001 | 9.899748 |
| 003 | CaOODSP |
| 005 | 20240809201242 |
| 006 | m o d f |
| 007 | cr ||||||||||| |
| 008 | 210513t20212021onca o f000 0 fre d |
| 020 | |a9780660388625 |
| 040 | |aCaOODSP|bfre|erda|cCaOODSP |
| 043 | |an-cn--- |
| 086 | 1 |aH129-116/2021F-PDF |
| 245 | 00|aChaleur accablante et santé humaine : |binformation à l’intention des pharmaciens et des techniciens en pharmacie. |
| 264 | 1|a[Ottawa] : |bSanté Canada = Health Canada, |c[2021] |
| 264 | 4|c©2021 |
| 300 | |a1 ressource en ligne (2 pages non numérotées) : |billustrations en couleur |
| 336 | |atexte|btxt|2rdacontent/fre |
| 337 | |ainformatique|bc|2rdamedia/fre |
| 338 | |aressource en ligne|bcr|2rdacarrier/fre |
| 500 | |aPublié aussi en anglais sous le titre : Extreme heat and human health: information for pharmacists and pharmacist technicians. |
| 500 | |aPublié aussi en format HTML. |
| 650 | 6|aÉpuisement par la chaleur|zCanada|xPrévention. |
| 650 | 6|aCoup de chaleur|zCanada|xPrévention. |
| 650 | 6|aChaleur|xEffets physiologiques|zCanada. |
| 710 | 1 |aCanada. |bSanté Canada, |eorganisme de publication. |
| 775 | 08|tExtreme heat and human health : |w(CaOODSP)9.899746 |
| 776 | 0#|tChaleur extrême et santé humaine : |w(CaOODSP)9.899749 |
| 794 | |tChaleur accablante et santé humaine : |w(CaOODSP)9.941712 |
| 856 | 40|qPDF|s374 Ko|uhttps://publications.gc.ca/collections/collection_2021/sc-hc/H129-116-2021-fra.pdf |
| 856 | 4 |qHTML|sS.O.|uhttps://www.canada.ca/fr/sante-canada/services/publications/vie-saine/chaleur-accablante-sante-humaine-pharmaciens-techniciens.html |
| 986 | |aPub. : 210094 |